| 000 | 00443nam a22001817a 4500 | ||
|---|---|---|---|
| 003 | CEME | ||
| 005 | 20210628205944.0 | ||
| 008 | 210209b xxu||||| |||| 00| 0 eng d | ||
| 020 | _a1-56884-785-8 | ||
| 040 | _c. | ||
| 082 | _a004.67 SEI | ||
| 100 |
_aNegrino, Tom Seiter, Charles _977641 |
||
| 245 | _aMacworld web essentials | ||
| 260 |
_aUSA _bIDG BOOKS _c1995 |
||
| 300 | _a310P | ||
| 650 |
_aWEB ESSENTIALS _977642 |
||
| 942 |
_cBK _2ddc |
||
| 999 |
_c582877 _d582877 |
||